[Event "Zweibruecken PSB-ch HT1 82nd"]
[Site "Zweibruecken"]
[Date "2013.03.22"]
[Round "1"]
[White "Atento, Emanuel"]
[Black "Bergner, Rainer"]
[Result "1-0"]
[WhiteElo "1817"]
[BlackElo "1430"]
[PlyCount "107"]
[EventDate "2013.??.??"]
[EventType "swiss"]
[EventRounds "7"]
[EventCountry "GER"]
[SourceTitle "EXT 2014"]
[Source "ChessBase"]
[SourceDate "2013.11.20"]
[SourceVersion "1"]
[SourceVersionDate "2013.11.20"]
[SourceQuality "1"]

1. d4 Nf6 2. c4 e6 3. Nc3 d5 4. Bg5 Be7 5. e3 Nbd7 6. Nf3 0-0 7. Bd3 h6 8. Bh4 c5 9. cxd5 exd5 10. 0-0 b6 11. Rc1 Bb7 12. h3 Re8 13. Bg3 a6 14. dxc5 Nxc5 15. Bb1 Bd6 16. Bxd6 Qxd6 17. Nd4 Ne6 18. Nce2 Ng5 19. Ng3 g6 20. Qb3 Rac8 21. Rfd1 Rc7 22. Rxc7 Qxc7 23. Bd3 Nfe4 24. Nxe4 Nxe4 25. Qc2 Qxc2 26. Bxc2 Rc8 27. f3 Nf6 28. Kf2 Nd7 29. g4 Nc5 30. Rd2 Kg7 31. h4 Ne6 32. Bb3 Nxd4 33. Rxd4 Rc5 34. Kg3 f5 35. gxf5 gxf5 36. e4 Kf6 37. Kf4 fxe4 38. fxe4 Ke6 39. exd5+ Bxd5 40. Bxd5+ Rxd5 41. Rxd5 Kxd5 42. Kf5 Kd4 43. Kg6 Kd3 44. Kxh6 b5 45. Kg5 Kc2 46. h5 Kxb2 47. h6 Kxa2 48. h7 Ka3 49. h8Q a5 50. Qc3+ Ka4 51. Qa1+ Kb4 52. Kf4 a4 53. Qb2+ Kc5 54. Qa3+ 1-0